Guía rápida internet explorer 5 : domine internet en pocas horas /

Guardado en:
Autor Principal: Goldberger, Ricardo
Formato: Libro
Publicado: Buenos Aires : Mp ediciones, 1999
Series:Pc users express
Materias:
Etiquetas: Agregar Etiqueta
Sin Etiquetas, Sea el primero en etiquetar este registro!
LEADER 00801nam a22002175a 4500
001 CEM.cems013300
005 20111005145109.0
008 130507s1999##################000#0#####d
003 CEMS
020 |a 9875260134 
082 0 4 |a 001.64404 
100 1 |a Goldberger, Ricardo 
245 1 0 |a Guía rápida internet explorer 5 :  |b domine internet en pocas horas /  |c Ricardo Goldberger 
260 |a Buenos Aires :  |b Mp ediciones,  |c 1999 
300 |a 191 p. 
490 0 |a Pc users express 
505 0 |a Instalación -- La conexión -- El explorador -- Escritorio activo -- Outlook express -- Frontpage express -- Chat -- Netmeeting -- Reproductor multimedia 
653 |a Informática 
653 |a Computación 
653 |a Internet explorer 5 
859 |a CEMS  |b BIB. CEMS - 11 de abril  |h 001.64404  |i G573-1  |p 25791.10  |t Ej.1